Hobbit: An Unexpected Journey Characters Quiz Stats

 Plays Quiz not verified by Sporcle

Score 0/40 Timer 10:00
0 Plays Today
Hint Answer % Correct
Bilbo Baggins
96.5%
Thorin Oakenshield
96.5%
Gandalf
95.3%
Gloin
94.2%
Bombur
94.2%
Oin
93%
Bifur
93%
Fili
91.9%
Kili
91.9%
Bofur
91.9%
Balin
89.5%
Nori
89.5%
Ori
89.5%
Dwalin
88.4%
Dori
88.4%
Elrond
79.1%
Azog
74.4%
Frodo Baggins
74.4%
Galadriel
73.3%
Gollum
69.8%
Hint Answer % Correct
Radagast
67.4%
The Great Goblin
67.4%
Saruman
62.8%
Smaug
59.3%
Thrain
53.5%
Thror
52.3%
William
48.8%
Tom
48.8%
Bert
47.7%
Thranduil
44.2%
Necromancer
39.5%
Lindir
37.2%
Yazneg
16.3%
Fimbul
12.8%
Samwise Gamgee
7%
Rosie Cotton
7%
Grinnah
5.8%
Goblin Scribe
4.7%
Farmer Maggot
4.7%
Tom Bombadil
4.7%

You're not logged in!

Compare scores with friends on all Sporcle quizzes.
OR
Log In

Show Comments

Extras

Top Quizzes Today


Score Distribution

Your Account Isn't Verified!

In order to create a playlist on Sporcle, you need to verify the email address you used during registration. Go to your Sporcle Settings to finish the process.

Report this User

Report this user for behavior that violates our Community Guidelines.

Details: